Dark Phoenix Quiz (SPOILERS) - Statistics

General Stats
  • This quiz has been taken 13 times
  • The average score is 8 of 11
Answer Stats
Actor Role % Correct
James McAvoy Charles Xavier/Professor X
100%
Sophie Turner Jean Grey/Phoenix
100%
Jennifer Lawrence Raven/Mystique
100%
Michael Fassbender Erik Lehnsherr/Magneto
89%
Evan Peters Peter Maximoff/Quicksilver
89%
Tye Sheridan Scott Summers/Cyclops
78%
Alexandra Shipp Ororo Monroe/Storm
67%
Nicholas Hoult Hank McCoy/Beast
56%
Kodi Smit-McPhee Kurt Wagner/Nightcrawler
44%
Scott Shepherd John Grey
33%
Jessica Chastain Vuk
33%
No matching quizzes found
Score Distribution
Percent of People with Each Score
Percentile by Number Answered
Your Score History
You have not taken this quiz